Plus ou moins de 100 ans? - Mort Subite#1 - Statistiques

Statistiques générales
  • Ce quiz a été pris 176 fois
  • Le résultat moyen est 2 sur 8
Answers on the Grid
Answers color-coded by a green-red scale on the quiz's grid according to % correct below.
Longévité pape Jean-Paul II
Longévité plus vieille baleine bleue
Indépendance Libéria
Taxe sur valeur ajoutée (TVA)
Naufrage Titanic
Invention du bikini
Gare de tokyo
Moteur V8
Invention du briquet à gaz
Casserole
Invention de la canette
Pétanque
Empire State Building
K-way
Vaccin du Tétanos
Longévité plus vieil éléphant
 
Statistiques - réponses
Réponse % Correct
Naufrage Titanic
65%
Longévité plus vieille baleine bleue
51%
Indépendance Libéria
30%
Casserole
27%
Pétanque
19%
Gare de tokyo
18%
Vaccin du Tétanos
11%
Moteur V8
4%
Aucun quiz correspondant
Distribution des résultats
% des personnes avec chaque résultat
Percentile par nombre de réponses
Votre historique - résultats
Vous n’avez pas pris ce quiz